La Expedición Botánica : (Registro nro. 15826)
[ vista simple ]
| 000 -LEADER | |
|---|---|
| fixed length control field | 01474nam a22002777a 4500 |
| 003 - CONTROL NUMBER IDENTIFIER | |
| control field | OSt |
| 005 - DATE AND TIME OF LATEST TRANSACTION | |
| control field | 20221014123515.0 |
| 008 - FIXED-LENGTH DATA ELEMENTS--GENERAL INFORMATION | |
| fixed length control field | 220209s2020 ck a|||br|||| 00| j spa d |
| 020 ## - INTERNATIONAL STANDARD BOOK NUMBER | |
| International Standard Book Number | 9789585488922 |
| 040 ## - CATALOGING SOURCE | |
| Original cataloging agency | CO-JMCR |
| Transcribing agency | CO-JMCR |
| 041 0# - LANGUAGE CODE | |
| Language code of text/sound track or separate title | spa |
| 082 04 - DEWEY DECIMAL CLASSIFICATION NUMBER | |
| Classification number | C / |
| Item number | MUJe |
| Edition number | 23 |
| 100 1# - MAIN ENTRY--PERSONAL NAME | |
| Personal name | Mújica, Elisa, |
| Relator term | autora |
| 9 (RLIN) | 1378 |
| 245 13 - TITLE STATEMENT | |
| Title | La Expedición Botánica : |
| Remainder of title | contada a los niños / |
| Statement of responsibility, etc. | Elisa Mújica ; ilustrado por Sebastián Cadavid ; editor, Iván Hernández |
| 250 ## - EDITION STATEMENT | |
| Edition statement | Primera edición |
| 260 ## - PUBLICATION, DISTRIBUTION, ETC. | |
| Place of publication, distribution, etc. | Bogotá : |
| Name of publisher, distributor, etc. | Ministerio de Cultura, |
| Date of publication, distribution, etc. | 2020. |
| 300 ## - PHYSICAL DESCRIPTION | |
| Extent | 31 páginas : |
| Other physical details | ilustraciones a color ; |
| Dimensions | 27 cm. |
| 490 0# - SERIES STATEMENT | |
| Series statement | Leer es mi cuento ; |
| Volume/sequential designation | 38 |
| 520 3# - SUMMARY, ETC. | |
| Summary, etc. | No hay, tal vez, para los niños de Colombia un libro más bello sobre el país en que viven, su diversidad biológica y su riqueza etnográfica y cultural, que este libro de Elisa Mújica. Escrito con amor, conocimiento, inteligencia y fervor, en él que se da cuenta de la genialidad de la labor de la expedición botánica y de su director José Celestino Mutis. El niño que lea estas páginas no será siempre el mismo; su amor por este continente y por este país no se apagará jamás. |
| 650 14 - SUBJECT ADDED ENTRY--TOPICAL TERM | |
| Topical term or geographic name entry element | Literatura infantil colombiana. |
| 9 (RLIN) | 14030 |
| 650 24 - SUBJECT ADDED ENTRY--TOPICAL TERM | |
| Topical term or geographic name entry element | Diversidad biológica contada a niños. |
| 9 (RLIN) | 41928 |
| 650 24 - SUBJECT ADDED ENTRY--TOPICAL TERM | |
| Topical term or geographic name entry element | Riqueza cultural en la literatura. |
| 9 (RLIN) | 41929 |
| 700 1# - ADDED ENTRY--PERSONAL NAME | |
| Personal name | Cadavid, Sebastián, |
| Relator term | ilustrador |
| 9 (RLIN) | 41930 |
| 700 1# - ADDED ENTRY--PERSONAL NAME | |
| Personal name | Hernández, Iván, |
| Relator term | editor |
| 9 (RLIN) | 8307 |
| 942 ## - ADDED ENTRY ELEMENTS (KOHA) | |
| Source of classification or shelving scheme | Dewey Decimal Classification |
| Koha item type | Books |
| Withdrawn status | Lost status | Source of classification or shelving scheme | Damaged status | Not for loan | Collection code | Home library | Current library | Shelving location | Date acquired | Source of acquisition | Total Checkouts | Full call number | Barcode | Date last seen | Date last checked out | Copy number | Price effective from | Koha item type |
|---|---|---|---|---|---|---|---|---|---|---|---|---|---|---|---|---|---|---|
| Dewey Decimal Classification | Fiction | Biblioteca Pública José María del Castillo y Rada | Biblioteca Pública José María del Castillo y Rada | Children's Area | 02/09/2022 | Donación | 4 | C / MUJe | 201811220 | 03/31/2026 | 03/31/2026 | Ej.1 | 02/09/2022 | Books |